000
00245nam a2200097Ia 4500
001
755172
005
20250826164754.0
008
250824s9999 xx 000 0 und d
245
0
_a
İNGİLİZCE SÖZLÜK
_c
H.EROL YILDIZ
260
_b
KARATAY YAYINLARI
999
_c
755172
_d
755172